000 00900nam a2200253Ia 4500
003 OSt
005 20221005113056.0
006 a|||||r|||| 00| 0
007 ta
008 221004b |||||||| |||| 00| 0 pan d
020 _a8187654204X (hbk)
024 _a17952
037 _bGift, 26/05/2015,
_cTextual
040 _aCRL
_cCRL
_bpan
041 _2pan
_apan
082 _aO153,1NGI2:g, Q1
100 _aਸਿੰਘ, ਕਮਲ ਜੀਤ
245 0 _aਡਾ. ਮਹਿੰਦਰ ਕੌਰ ਗਿਲ ਦਾ ਗੁਰਮਤਿ ਚਿੰਤਨ
_b ਇਕ ਅਧਿਐਨ
260 _aਦਿੱਲੀ
_bਮਨਪ੍ਰੀਤ ਪ੍ਰਕਾFਨ ਭਾਰਤ
_c2011
300 _a184ਪੰ
_ccm.
650 _aਪੰਜਾਬੀ ਸਾਹਿਤ
942 _hO153,1NGI2:g, Q1
_cTEXL
_2cc
999 _c1026952
_d1026952